00317nam a2200121Ia 4500008004100000041000800041082001200049100002000061245004000081260003500121300002800156365001100184240624s9999 xx 000 0 und d aeng a158 COV aCOVEY STEPHEN R a7 HABITS OF HIGHLY EFFECTIVE PEOPLE c2013aLondonbSimon & Schuster axxx, , 391p. , 20 : cm. cRSb30